All New Order Songs - Statistics

General Stats
  • This quiz has been taken 42 times
    33 since last reset
  • The average score is 84 of 151
Answer Stats
Answer % Correct
1963
100%
586
100%
Age of Consent
100%
All Day Long
100%
All The Way
100%
Angel Dust
100%
As It Is When It Was
100%
Bizarre Love Triangle
100%
Blue Monday
100%
Blue Monday 88
100%
Blue Monday 95
100%
Ceremony
100%
Crystal
100%
Every Little Counts
100%
Everything's Gone Green
100%
Fine Time
100%
Love Less
100%
Mr. Disco
100%
Paradise
100%
Plastic
100%
Regret
100%
Restless
100%
Round & Round
100%
Run
100%
Run 2
100%
Shellshock
100%
The Perfect Kiss
100%
Touched by the Hand of God
100%
True Faith
100%
True Faith 94
100%
Vanishing Point
100%
Video 586
100%
Weirdo
100%
World
100%
Academic
67%
Avalanche
67%
Best & Marsh
67%
Broken Promise
67%
Brutal
67%
Chemical
67%
Confused Instrumental
67%
Confusion
67%
Cries and Whispers/Mesh
67%
Denial
67%
Doubts Even Here
67%
Dracula's Castle
67%
Dream Attack
67%
Dreams Never End
67%
Elegia
67%
Everyone Everywhere
67%
Face Up
67%
Guilty Partner
67%
Hellbent
67%
Hurt
67%
ICB
67%
In a Lonely Place
67%
Jetstream
67%
Leave Me Alone
67%
Liar
67%
Love Vigilantes
67%
People on the High Line
67%
Rock the Shack
67%
Singularity
67%
Sooner Than You Think
67%
Special
67%
Stray Dog
67%
Sub-culture
67%
Sunrise
67%
Superheated
67%
Temptation
67%
The Beach
67%
The Him
67%
The Village
67%
Tutti Frutti
67%
Unlearn This Hatred
67%
Waiting for the Sirens' Call
67%
Who's Joe?
67%
World in Motion
67%
Young Offender
67%
60 Miles an Hour
33%
Are You Ready for This?
33%
Be a Rebel
33%
Californian Grass
33%
Chosen Time
33%
Close Range
33%
Dub-vulture
33%
Ecstasy
33%
Evil Dust
33%
Exit
33%
Fine Line
33%
Guilt Is a Useless Emotion
33%
Here to Stay
33%
Hey Now What You Doing
33%
Homage
33%
I Told You So
33%
Kiss of Death
33%
Krafty
33%
Let's Go
33%
Lonesome Tonight
33%
Morning Night and Day
33%
MTO
33%
Murder
33%
Ode to Joy
33%
Perfect Pit
33%
Player in the League
33%
Primitive Notion
33%
Procession
33%
Recoil
33%
Ruined in a Day
33%
Run Wild
33%
Salvation Theme
33%
Senses
33%
Shame of the Nation
33%
Skullcrusher
33%
Slow Jam
33%
Someone Like You
33%
Spooky
33%
State of the Nation
33%
Sugarcane
33%
The B-Side
33%
The Game
33%
The Peter Saville Show Soundtrack
33%
Thieves Like Us
33%
Thieves Like Us Instrumental
33%
This Time of Night
33%
Times Change
33%
Too Late
33%
Truth
33%
Turn
33%
Turn My Way
33%
Turn the Heater On
33%
Ultraviolence
33%
Vicious Streak
33%
Vietnam
33%
Way of Life
33%
We All Stand
33%
Working Overtime
33%
Your Silent Face
33%
Behind Closed Doors
0%
Don't Do It
0%
Get Out
0%
Hypnosis
0%
I'll Stay with You
0%
I've Got a Feeling
0%
Nothing but a Fool
0%
Rocking Carol
0%
Sabotage
0%
Shake It Up
0%
Sputnik
0%
Such a Good Thing
0%
Vicious Circle
0%
No matching quizzes found
Score Distribution
Percent of People with Each Score
Percentile by Number Answered
Your Score History
You have not taken this quiz since the last reset